000 00402nam a2200133Ia 4500
008 260210s9999 xx 000 0 und d
024 _a01B-41-BCS3Y & 01B-43-BCS3Y
082 _a004.6072 ADE
100 _aAdeel Akhtar & Arsalan Hamid
245 0 _aConceptual Model of an ISP
260 _aKarachi:
_bUITU,
_c2001
600 _aComputer Science
650 _aBachelor of Computer Science (BS)
999 _c31752
_d31752